Sports Quiz

Random Sports or Soccer Quiz

Goalscorers for LFC in Premier League Quiz Stats

Quiz not verified by Sporcle

Challenge
Share
Tweet
Embed
Score 0/72 Timer 10:00
0 Plays Today
% Correct
Steven Gerrard
94.3%
Fernando Torres
89.1%
Jamie Carragher
85.8%
Michael Owen
84.4%
Robbie Fowler
83.9%
Xabi Alonso
76.8%
Dirk Kuyt
75.8%
Sami Hyypia
74.9%
Ian Rush
74.9%
John-Arne Riise
70.1%
John Barnes
65.4%
Luis Garcia
64.9%
Peter Crouch
64.5%
Vladimir Smicer
64%
Daniel Agger
62.6%
Steve McManaman
62.1%
Emile Heskey
62.1%
Djibril Cisse
62.1%
Jamie Redknapp
58.8%
Milan Baros
58.3%
Ryan Babel
57.8%
Steve Finnan
56.9%
Patrik Berger
55.5%
Patrik Berger
55.5%
Dietmar Hamann
52.6%
Javier Mascherano
51.7%
Danny Murphy
50.2%
Harry Kewell
47.4%
Fabio Aurelio
46.9%
David Ngog
46.9%
Fernando Morientes
45.5%
Albert Riera
42.7%
Yossi Benayoun
41.2%
Craig Bellamy
39.8%
Stan Collymore
39.8%
Paul Ince
39.3%
% Correct
Robbie Keane
39.3%
Neil Ruddock
38.9%
Alvaro Arbeloa
36%
Gary McAllister
33.6%
El-Hadji Diouf
33.2%
Markus Babbel
31.3%
Neil Mellor
31.3%
Mohamed Sissoko
29.4%
Jermaine Pennant
29.4%
Nicolas Anelka
28.9%
Andriy Voronin
28%
Mark Wright
27.5%
Lucas Leiva
27%
Karl-Heinze Riedle
26.1%
Florent Sinama Pongolle
24.6%
David Thompson
21.8%
Jan Molby
19.9%
Michael Thomas
19%
Jari Litmanen
18%
John Scales
18%
Abel Xavier
17.1%
Mark Walters
16.1%
Mark Walters
16.1%
Boudewijn Zenden
15.2%
Vegard Heggem
14.2%
Stephen Warnock
13.3%
Oyvind Leonhardsen
12.3%
Ronny Rosenthal
11.8%
Christian Ziege
11.4%
Steve Harkness
11.4%
Steve Nicol
10%
Ronnie Whelan
9%
Mark Gonzales
8.5%
Mike Marsh
5.7%
David Burrows
3.8%
Don Hutchison
2.4%

You're not logged in!

Compare scores with friends on all Sporcle quizzes.
Sign Up with Email
OR
Log In

You Might Also Like...

Show Comments

Extras

Top Quizzes Today


Score Distribution

Your Account Isn't Verified!

In order to create a playlist on Sporcle, you need to verify the email address you used during registration. Go to your Sporcle Settings to finish the process.